Прейс-курант товарищества Нарвской Льнопрядильной Мануфактуры, бывшей Льнопрядильной Фабрики Барона А.Л. Штиглица (Запись № 12969486)

Подробности
000 -МАРКЕР
контрольное поле 01414nam0a2200301 4500
001 - ИДЕНТИФИКАТОР ЗАПИСИ
контрольное поле RU\NLR\BIBL_A\012730233
005 - ИДЕНТИФИКАТОР ВЕРСИИ
контрольное поле 20260407233417.0
035 ## - ДРУГИЕ СИСТЕМНЫЕ НОМЕРА
Идентификатор записи (NLR Aleph) 012730233
100 ## - ДАННЫЕ ОБЩЕЙ ОБРАБОТКИ
Данные общей обработки 20181106d1914 |||y0rusy50 ca
101 0# - ЯЗЫК РЕСУРСА
Язык текста, звукозаписи и т.д. русский
102 ## - СТРАНА ПУБЛИКАЦИИ ИЛИ ПРОИЗВОДСТВА
Страна публикации Российская Федерация
105 ## - ПОЛЕ КОДИРОВАННЫХ ДАННЫХ: ТЕКСТОВЫЕ МАТЕРИАЛЫ, МОНОГРАФИЧЕСКИЕ
Кодированные данные о монографическом текстовом документе y g 000zy
200 1# - ЗАГЛАВИЕ И СВЕДЕНИЯ ОБ ОТВЕТСТВЕННОСТИ
Основное заглавие Прейс-курант товарищества Нарвской Льнопрядильной Мануфактуры, бывшей Льнопрядильной Фабрики Барона А.Л. Штиглица
Сведения, относящиеся к заглавию 1 сентября 1914 г.
Первые сведения об ответственности Правление Товарищества в Петрограде
210 ## - ПУБЛИКАЦИЯ, РАСПРОСТРАНЕНИЕ И ДР.
Место издания, распространения и т.д. Петроград
Имя издателя, распространителя и т. д. Типо-Литогр. В. Кене и Кº
Дата издания, распространения и т.д. 1914
215 ## - ФИЗИЧЕСКАЯ ХАРАКТЕРИСТИКА
Специфическое обозначение материала и объем 13 с.
Размеры 21
606 1# - НАИМЕНОВАНИЕ ТЕМЫ КАК ПРЕДМЕТ
Наименование темы Парусина
Формальный подзаголовок Прейскуранты
Системный номер авторитетной/нормативной записи 1191236
Идентификатор авторитетной/нормативной записи RU\NLR\AUTH\66163040
606 1# - НАИМЕНОВАНИЕ ТЕМЫ КАК ПРЕДМЕТ
Наименование темы Брезент
Формальный подзаголовок Прейскуранты
Системный номер авторитетной/нормативной записи 1191233
Идентификатор авторитетной/нормативной записи RU\NLR\AUTH\66163039
606 1# - НАИМЕНОВАНИЕ ТЕМЫ КАК ПРЕДМЕТ
Наименование темы Льняные ткани
Формальный подзаголовок Прейскуранты
Тематический подзаголовок Торговля
-- Цены
Системный номер авторитетной/нормативной записи 1526445
Идентификатор авторитетной/нормативной записи RU\NLR\AUTH\66664226
620 ## - МЕСТО И ДАТА ПУБЛИКАЦИИ, ИСПОЛНЕНИЯ И Т. Д.
Страна RU
Город Санкт-Петербург
686 1# - ИНДЕКСЫ ДРУГИХ КЛАССИФИКАЦИЙ
Индекс М321-9я87
686 1# - ИНДЕКСЫ ДРУГИХ КЛАССИФИКАЦИЙ
Индекс М47я87
710 02 - НАИМЕНОВАНИЕ ОРГАНИЗАЦИИ - ПЕРВИЧНАЯ ОТВЕТСТВЕННОСТЬ
Начальный элемент ввода Нарвская льнопрядильная мануфактура
Идентификатор авторитетной/нормативной записи RU\NLR\AUTH\8810159684
Системный номер авторитетной/нормативной записи 814908
852 ## - МЕСТОНАХОЖДЕНИЕ И ШИФР ХРАНЕНИЯ
Идентификатор организации NLR
Шифр хранения (Call Number) 40.3.7.290
942 ## - ДОПОЛНИТЕЛЬНЫЕ ЭЛЕМЕНТЫ ЗАПИСИ (АБИС)
Тип экземпляра АБИС Книга
980 ## - КОЛЛЕКЦИЯ
Название коллекции Национальная библиография
Экземпляры
Тип экземпляра Дата поступления Библиотека постоянного хранения Библиотека текущего хранения Место хранения Шифр хранения Штрих-код Статус экземпляра
Книга 15.03.2022 РНБ (Садовая) РНБ (Садовая) Русский книжный фонд -Главное здание, Ленинский читальный зал 40.3.7.290 ERR-236199